000 01225nam0a22003371 4500
001 RU\INFOCOMM_322\NLR\5000214938
005 20250613111906.0
035 _a(NLR Aleph) 009598761
090 _a9297188
_c9297188
100 _a20130306d1962 |||y0rusy50 ca
101 0 _aeng
102 _aRU
105 _ay z |||||
200 1 _aˆA "‰membrane" mechanism accounting for impaired control of glycolysis in the tumour cell
_f[By] S. A. Neifakh, V. S. Gaitskhoki, T. B. Kazakova ...
_gVIII International cancer congress Moscow, July, 1962. Panel discussion on "Biology of tumour cell"
210 _a[M.
_d1962]
215 _a4 с.
_cдиагр.
_d27 см
300 _aБез тит. л. и обл.
606 0 _aГликолиз в опухолях
_2nlr_sh1
620 _aМосква
686 _aМд12-32
_2rubbk
700 1 _9z01790
_aNeifach
_bS. A.
701 1 _9z02790
_aGaitschoki
_bV. S.
701 1 _aKazakova
_bT. B.
712 1 2 _aInternational cancer congress
_d8
_eMoscow
_f1962
_4570
790 1 _9z01700
_aNeifakh
_bS. A.
_4070
790 1 _9z02701
_aGaitskhoki
_bV. S.
_4070
801 1 _aRU
_bInfocomm
_c20130306
801 0 _aRU
_bINFOCOMM
_gPSBO
852 _aNLR
_jМд41 Г-8/721
942 _cBOOK
980 _aNB